Αρχιτεκτονική Εσωτερικών Χώρων / Στοιχεία της Κατασκευής (Record no. 4271)
[ view plain ]
| 000 -LEADER | |
|---|---|
| fixed length control field | 01930cam a22001934a 4500 |
| 005 - ΗΜΕΡΟΜΗΝΙΑ ΚΑΙ ΩΡΑ ΤΕΛΕΥΤΑΙΑΣ ΕΝΗΜΕΡΩΣΗΣ | |
| Πεδίο ελέγχου | 20250605164141.0 |
| 008 - FIXED-LENGTH DATA ELEMENTS--GENERAL INFORMATION | |
| Πεδίο ελέγχου σταθερού μήκους | 250528s ||||||||||||||||||||||||d |
| 035 ## - SYSTEM CONTROL NUMBER | |
| System control number | 18979 |
| 040 ## - ΠΗΓΗ ΚΑΤΑΛΟΓΟΓΡΑΦΗΣΗΣ | |
| Φορέας πρωτότυπης καταλογογράφησης | MC Athens Campus Library |
| Γλώσσα καταλογογράφησης | Ελληνικά, Μοντέρνα (1453-) |
| Modifying agency | MC Athens Campus Library |
| Κανόνες περιγραφικής καταλογογράφησης | AACR2 |
| 245 1# - ΤΙΤΛΟΣ ΚΑΙ ΔΗΛΩΣΗ ΥΠΕΥΘΥΝΟΤΗΤΑΣ | |
| Τίτλος | Αρχιτεκτονική Εσωτερικών Χώρων / Στοιχεία της Κατασκευής |
| 260 ## - PUBLICATION, DISTRIBUTION, ETC. | |
| Name of publisher, distributor, etc. | Μ. Γκιούρδας, |
| Date of publication, distribution, etc. | 1985 |
| 300 ## - PHYSICAL DESCRIPTION | |
| Extent | 132 |
| 505 0# - FORMATTED CONTENTS NOTE | |
| Formatted contents note | Εισαγωγή, Βασικά Στοιχεία, Οι Επιφάνειες του Χώρου, Οπτική Εντύπωση, Ακουστική Χώρου, Φωτισμός στο Χώρο, Πυροπροστασία, Υλικά, Επικαλύψεις Τοίχων και Οροφών, Χρήση των Υφασμάτων στους Εσωτερικούς Χώρους, Ξυλεπενδύσεις, Επιστρώσεις Δαπέδων, Ανοίγματα, Περιοχές Μελέτης της Αρχιτεκτονικής Εσωτερικών Χώρων, Ο Ιδιωτικός Χώρος, Ο Δημόσιος Χώρος, Η Μοναδικότητα των Μελετών και των Λύσεων. |
| 520 ## - SUMMARY, ETC. | |
| Summary, etc. | Εισαγωγή, Βασικά Στοιχεία, Οι Επιφάνειες του Χώρου, Οπτική Εντύπωση, Ακουστική Χώρου, Φωτισμός στο Χώρο, Πυροπροστασία, Υλικά, Επικαλύψεις Τοίχων και Οροφών, Χρήση των Υφασμάτων στους Εσωτερικούς Χώρους, Ξυλεπενδύσεις, Επιστρώσεις Δαπέδων, Ανοίγματα, Περιοχές Μελέτης της Αρχιτεκτονικής Εσωτερικών Χώρων, Ο Ιδιωτικός Χώρος, Ο Δημόσιος Χώρος, Η Μοναδικότητα των Μελετών και των Λύσεων. |
| 700 1# - ΠΡΟΣΘΕΤΗ ΑΝΑΓΡΑΦΗ--ΦΥΣΙΚΟ ΠΡΟΣΩΠΟ | |
| Personal name | Muller Willi |
| 9 (RLIN) | 5259 |
| 942 ## - ADDED ENTRY ELEMENTS (KOHA) | |
| Koha item type | Books |
| Τύπος τεκμηρίου | Βιβλιοθήκη | Τρέχουσα τοποθεσία | Barcode | Αριθμός εισαγωγής | Ημερομηνία απόκτησης | Ταξιθετικό σύμβολο | Αριθμός αντιτύπου | Κατάσταση απόσυρσης | Κατάσταση χαμένου | Κατάσταση κατεστραμμένου | Μη δανεισμός | Σύνολο δανεισμών | Ημερομηνία τελευταίας εμφάνισης | Η τιμή ισχύει από |
|---|---|---|---|---|---|---|---|---|---|---|---|---|---|---|
| Books | MC Athens Campus Library | MC Athens Campus Library | 9780000042705 | 3911 | 05/06/2025 | 729 MUL | 1 | 05/06/2025 | 05/06/2025 |